Normal view MARC view
  • Sadat, Anwar,

Entry Personal Name

Number of records used in: 4

001 - CONTROL NUMBER

  • control field: 424

003 - CONTROL NUMBER IDENTIFIER

  • control field: NUST

005 - DATE AND TIME OF LATEST TRANSACTION

  • control field: 20170511114955.0

008 - FIXED-LENGTH DATA ELEMENTS

  • fixed length control field: 170511|| aca||aabn | a|a d

040 ## - CATALOGING SOURCE

  • Original cataloging agency: NUST
  • Transcribing agency: NUST

100 ## - HEADING--PERSONAL NAME

  • Personal name: Sadat, Anwar,
  • Dates associated with a name: 1918-1981
  • General subdivision: Assassination.

670 ## - SOURCE DATA FOUND

  • Source citation: Work cat.: (NUST)69696: Haykal, Muḥammad Ḥasanayn. 423, Autumn of fury :, c.1983
© 2023 Central Library, National University of Sciences and Technology. All Rights Reserved.